Efecto de insecticidas recomendados contra Melanaphis sacchari (Hemiptera : Aphididae) en el tiempo de desarrollo de Chrysoperla carnea (Neuroptera : Chrysopidae) / (Registro nro. 219501)
[ vista simple ]
| 000 -CABECERA | |
|---|---|
| campo de control de longitud fija | 03027nam a2200313 a 4500 |
| 003 - IDENTIFICADOR DEL NÚMERO DE CONTROL | |
| campo de control | OSt |
| 005 - FECHA Y HORA DE LA ÚLTIMA TRANSACCIÓN | |
| campo de control | 20251112143839.0 |
| 007 - CAMPO FIJO DE DESCRIPCIÓN FÍSICA--INFORMACIÓN GENERAL | |
| campo de control de longitud fija | cr ||||||a|c|a |
| 008 - DATOS DE LONGITUD FIJA--INFORMACIÓN GENERAL | |
| campo de control de longitud fija | 231206s2019 mx a|||fom||| 001 0 spa d |
| 040 ## - FUENTE DE LA CATALOGACIÓN | |
| Normas de descripción | rda |
| 100 1# - ENTRADA PRINCIPAL--NOMBRE DE PERSONA | |
| 9 (RLIN) | 188419 |
| Nombre de persona | Sánchez Rodríguez, María Guadalupe |
| 245 10 - MENCIÓN DE TÍTULO | |
| Título | Efecto de insecticidas recomendados contra Melanaphis sacchari (Hemiptera : Aphididae) en el tiempo de desarrollo de Chrysoperla carnea (Neuroptera : Chrysopidae) / |
| Mención de responsabilidad, etc. | por María Guadalupe Sánchez Rodríguez : director de tesis Marcelo Acosta Ramos. |
| 264 #1 - PRODUCCIÓN, PUBLICACIÓN, DISTRIBUCIÓN, FABRICACIÓN Y COPYRIGHT | |
| Producción, publicación, distribución, fabricación y copyright | Chapingo, México : |
| Nombre del de productor, editor, distribuidor, fabricante | El autor, |
| Fecha de producción, publicación, distribución, fabricación o copyright | 2019. |
| 300 ## - DESCRIPCIÓN FÍSICA | |
| Extensión | 1 recurso en línea (47 páginas): |
| Otras características físicas | cuadros, figuras. |
| 336 ## - TIPO DE CONTENIDO | |
| Fuente | rdacontent |
| Término de tipo de contenido | texto |
| Código de tipo de contenido | txt |
| 337 ## - TIPO DE MEDIO | |
| Fuente | rdamedia |
| Nombre/término del tipo de medio | computadora |
| Código del tipo de medio | c |
| 338 ## - TIPO DE SOPORTE | |
| Fuente | rdacarrier |
| Nombre/término del tipo de soporte | recurso en línea |
| Código del tipo de soporte | cr |
| 502 ## - NOTA DE TESIS | |
| Tipo de título | Ingeniero Agrónomo Especialista en Parasitología Agrícola |
| Nombre de la institución que otorga el título | Departamento de Enseñanza, Investigación y Servicio en Parasitología Agrícola, |
| Año de obtención del título | 2019. |
| Información miscelánea | Licenciatura |
| 504 ## - NOTA DE BIBLIOGRAFÍA, ETC. | |
| Nota de bibliografía, etc. | Incluye referencias bibliográficas: páginas 34-37. |
| 520 ## - SUMARIO, ETC. | |
| Sumario, etc. | Chrysoperla carnea es considerado un enemigo natural de plagas insectiles de cuerpo blando, con alto potencial de aplicación dada su voracidad y preferencia, siendo utilizado en el manejo integrado de plagas (MIP) para pulgón amarillo del sorgo Melanaphis sacchari. El objetivo de este estudio fue determinar el efecto de los insecticidas recomendados en el manejo de pulgón amarillo del sorgo: spirotetramat, flupyradifurone e imidacloprid sobre el tiempo de desarrollo de C. carnea bajo condiciones de laboratorio. Las condiciones climáticas en la cámara de cría fueron: fotoperiodo de 12 h luz, humedad relativa de 60% y temperatura de 25° C. Los huevos de C. carnea de 0-24h de edad fueron sumergidos en soluciones de insecticidas con las dosis recomendadas de estos insecticidas por 25 segundos, después los huevos fueron puestos individualmente en vasos de plástico del no. 0 con tapa, con un orifico al cual se le colocó una tela de organza que permitió el intercambio gaseoso, se suministraron huevos de Sitotroga cerealella como dieta para las larvas de C. carnea, se hicieron revisiones cada 24 horas para registrar algún cambio o muda en los insectos con la finalidad de registrar todo el desarrollo de las crisopas hasta la obtención de adultos. Los efectos observados de flupyradifurone, imidacloprid y spirotetramat aplicados sobre huevos de C. carnea fueron: prolongación del tiempo de desarrollo, adultos deformes, viabilidad y supervivencia baja. C. carnea mostró un tiempo de desarrollo de 27.1, 26.7, 27.6 y 25.7 días con flupyradifurone, imidacloprid, spirotetramat y en el testigo absoluto, respectivamente. |
| 650 #7 - PUNTO DE ACCESO ADICIONAL DE MATERIA--TÉRMINO DE MATERIA | |
| 9 (RLIN) | 108664 |
| Término de materia o nombre geográfico como elemento de entrada | Sorgo |
| Subdivisión general | Enfermedades |
| 650 #4 - PUNTO DE ACCESO ADICIONAL DE MATERIA--TÉRMINO DE MATERIA | |
| 9 (RLIN) | 188421 |
| Término de materia o nombre geográfico como elemento de entrada | Chrysoperla carnea |
| Subdivisión general | Control |
| 650 #4 - PUNTO DE ACCESO ADICIONAL DE MATERIA--TÉRMINO DE MATERIA | |
| 9 (RLIN) | 188420 |
| Término de materia o nombre geográfico como elemento de entrada | Melanaphis sacchari |
| Subdivisión general | Control |
| 650 #4 - PUNTO DE ACCESO ADICIONAL DE MATERIA--TÉRMINO DE MATERIA | |
| 9 (RLIN) | 140295 |
| Término de materia o nombre geográfico como elemento de entrada | Insecticidas |
| Subdivisión general | Análisis |
| 650 #4 - PUNTO DE ACCESO ADICIONAL DE MATERIA--TÉRMINO DE MATERIA | |
| 9 (RLIN) | 58857 |
| Término de materia o nombre geográfico como elemento de entrada | Insecticidas |
| Subdivisión general | Aplicación |
| 700 1# - PUNTO DE ACCESO ADICIONAL--NOMBRE DE PERSONA | |
| Nombre de persona | Acosta Ramos, Marcelo |
| Término indicativo de función/relación | director. |
| 9 (RLIN) | 692 |
| 856 ## - LOCALIZACIÓN Y ACCESO ELECTRÓNICOS | |
| Identificador Uniforme del Recurso | http://10.13.5.2/tesis/tl/Sanchez_Rodriguez_Maria_Guadalupe.pdf |
| Nota pública | DESCARGAR PDF |
| 942 ## - ELEMENTOS DE PUNTO DE ACCESO ADICIONAL (KOHA) | |
| Fuente del sistema de clasificación o colocación | Clasificación Universidad Autónoma Chapingo |
| Tipo de ítem Koha | Tesis digital |
| Estado de retiro | Estado de pérdida | Fuente del sistema de clasificación o colocación | Estado dañado | Restricciones de uso | No para préstamo | Código de colección | Localización permanente | Ubicación/localización actual | Ubicación en estantería | Fecha de adquisición | Total de préstamos | Signatura topográfica completa | Fecha visto por última vez | Precio válido a partir de | Tipo de ítem Koha |
|---|---|---|---|---|---|---|---|---|---|---|---|---|---|---|---|
| Clasificación Universidad Autónoma de Chapingo | Préstamo interno | Tesis digitales de Licenciatura | Biblioteca Digital | Biblioteca Digital | En línea | 06/12/2023 | Tesis digital | 06/12/2023 | 06/12/2023 | Tesis digital |
